Những điều kiện thương mại quốc tế Incoterms 2000. /

Incoterms, quy tắc chính thức của Phòng Thương mại Quốc tế giải thích các điều kiện thương mại, tạo điều kiện thuận lợi cho việc tiến hành các giao dịch thương mại quốc tế. Việc dẫn chiếu Incoterms 2000 vào hợp đồng mua bán xác định một...

全面介绍

Đã lưu trong:
书目详细资料
主要作者: Nguyễn Thành Lân
其他作者: Tô Bình Minh
格式: 图书
语言:Vietnamese
出版: H. : Nhà xuất bản Khoa học Kỹ thuật , 2000
主题:
标签: 添加标签
没有标签, 成为第一个标记此记录!
Thư viện lưu trữ: Thư viện Trường CĐ Kỹ Thuật Cao Thắng
LEADER 01220nam a2200205 a 4500
001 TVCDKTCT11713
003 Thư viện trường Cao đẳng Kỹ thuật Cao Thắng
005 20090925000000
008 090925
980 \ \ |a Thư viện Trường CĐ Kỹ Thuật Cao Thắng 
024 |a RG_1 #1 eb0 i1 
041 0 # |a vie 
082 # # |a 382 /   |b NH556Đ-n 
100 1 # |a Nguyễn Thành Lân 
245 0 0 |a Những điều kiện thương mại quốc tế Incoterms 2000. /  |c Nguyễn Thành Lân, Tô Bình Minh 
260 # # |a H. :  |b Nhà xuất bản Khoa học Kỹ thuật ,  |c 2000 
300 # # |a 217tr. ;  |c 24cm 
520 # # |a Incoterms, quy tắc chính thức của Phòng Thương mại Quốc tế giải thích các điều kiện thương mại, tạo điều kiện thuận lợi cho việc tiến hành các giao dịch thương mại quốc tế. Việc dẫn chiếu Incoterms 2000 vào hợp đồng mua bán xác định một cách rõ ràng nghĩa vụ của các bên và làm giảm rủi ro cho những kiện tụng phức tạp 
650 # 4 |a thương mại quốc tế 
700 0 # |a Tô Bình Minh